000 00502nam a2200193Ia 4500
003 GCL
008 140319s9999 xx 000 0 eng d
040 _aGCL /
_cGCL
082 0 4 _a823
_bT M
100 1 _aTHAL, HERBERT VAN
245 1 0 _aMASTER STORIES OF THE TWENTIETH CENTURY /
_cTHAL, HERBERT VAN
260 _a[S.N] :
_bPAN BOOK LTD ،
_c1963
300 _a270 P
650 0 4 _aENGLISH LITERATURE
650 0 4 _aLITERATURE
650 0 4 _aENGLISH FICTION
650 0 4 _aFICTION
942 _2ddc
_cBK
999 _c14889
_d14889